书目信息 |
| 题名: |
中国刑事审判指导案例
|
|
| 作者: | 南英 主编 | |
| 分册: | 2 破坏社会主义市场经济秩序罪 | |
| 出版信息: | 北京 法律出版社 2012.05 |
|
| 页数: | 12,1065页 | |
| 开本: | 26cm | |
| 丛书名: | ||
| 单 册: | ||
| 中图分类: | D925.285 , D924.335 | |
| 科图分类: | ||
| 主题词: | 刑事诉讼--审判--案例--中国 , 破坏社会经济秩序罪--审判--案例--中国 , 刑事诉讼 , 审判 , 案例 , 破坏社会经济秩序罪 | |
| 电子资源: | ||
| ISBN: | 978-7-5118-3316-7 | |
| 000 | 01068nam0 2200337 450 | |
| 001 | 005492722 | |
| 005 | 20130609082327.81 | |
| 010 | @a978-7-5118-3316-7@dCNY148.00 | |
| 035 | @a(A210000LPL)012004601111 | |
| 100 | @a20120808d2012 em y0chiy50 ea | |
| 101 | 0 | @achi |
| 102 | @aCN@b110000 | |
| 105 | @ay z 000yy | |
| 106 | @ar | |
| 200 | 1 | @a中国刑事审判指导案例@9zhong guo xing shi shen pan zhi dao an li@h2@i破坏社会主义市场经济秩序罪@f南英主编 |
| 205 | @a增补版 | |
| 210 | @a北京@c法律出版社@d2012.05 | |
| 215 | @a12,1065页@d26cm | |
| 300 | @a《刑事审判参考》(1999-2011)分类集成 | |
| 330 | @a本书分为指导案例、专题论谈、实务探讨、热点问题、审判实务释疑、问题探讨、疑案争鸣、大案传真、裁判文书选登等栏目。 | |
| 606 | 0 | @a刑事诉讼@x审判@x案例@y中国 |
| 606 | 0 | @a破坏社会经济秩序罪@x审判@x案例@y中国 |
| 606 | 0 | @a刑事诉讼 |
| 606 | 0 | @a审判 |
| 606 | 0 | @a案例 |
| 606 | 0 | @a破坏社会经济秩序罪 |
| 690 | @aD925.285@v5 | |
| 690 | @aD924.335@v5 | |
| 701 | 0 | @a南英@9nan ying@4主编 |
| 801 | 0 | @aCN@bNLC@c20120808 |
| 905 | @dD925.285@e399:2 | |
| 中国刑事审判指导案例.2.破坏社会主义市场经济秩序罪/南英主编.-增补版.-北京:法律出版社,2012.05 |
| 12,1065页;26cm |
| 《刑事审判参考》(1999-2011)分类集成 |
| ISBN 978-7-5118-3316-7:CNY148.00 |
| 本书分为指导案例、专题论谈、实务探讨、热点问题、审判实务释疑、问题探讨、疑案争鸣、大案传真、裁判文书选登等栏目。 |
| ● |
| 相关链接 |
|
|
|
|
正题名:中国刑事审判指导案例
索取号:D925.285/399:2
 
预约/预借
| 序号 | 登录号 | 条形码 | 馆藏地/架位号 | 状态 | 备注 |
| 1 | 0545305 | 205453052 | 第一样本阅览室/ [索取号:D925.285/399:2] | 在馆 | |
| 2 | 0545306 | 205453061 | 第一借阅区/ [索取号:D925.285/399:2] | 在馆 | |
| 3 | 0545307 | 205453070 | 第一借阅区/ [索取号:D925.285/399:2] | 在馆 |